Some curios from a word-collector's cabinet /

Bibliographic Details
Main Author: Palmer, Abram Smythe
Format: Book
Language:English
Published: Ann Arbor, Mich. : Gryphon Books, 1971.
Subjects:

MARC

Tag First Indicator Second Indicator Subfields
LEADER 00000cam a2200000 4500
001 in00000214539
005 20151009055134.0
008 710316r19711907miu b 00110 eng
010 |a  79145517  
035 |a (OCoLC)00127045 
035 |9 AAX0005AM 
040 |a DLC  |c DLC  |d TXA  |d UtOrBLW 
049 |a TXAM  |c [1021901] 
050 0 0 |a PE1574  |b .P23 1907a 
082 0 |a 422 
100 1 |a Palmer, Abram Smythe. 
245 1 0 |a Some curios from a word-collector's cabinet /  |c by A. Smythe Palmer. 
264 1 |a Ann Arbor, Mich. :  |b Gryphon Books,  |c 1971. 
300 |a vi, 197 pages ;  |c 22 cm. 
336 |a text  |b txt  |2 rdacontent 
337 |a unmediated  |b n  |2 rdamedia 
338 |a volume  |b nc  |2 rdacarrier 
500 |a "Facsimile reprint of the 1907 edition." 
504 |a Includes bibliographical references. 
650 0 |a English language  |x Etymology. 
999 |a MARS 
999 f f |s e81886b0-5bae-393a-bc25-e1a71265247e  |i f6bd61b7-6a6f-37b9-b616-6d42347b40e7  |t 0 
952 f f |p ric  |a Texas A&M University  |b Rellis Campus  |c Joint Library Facility  |s JLF  |d Remote Storage  |t 0  |e PE1574 .P23 1907a  |h Library of Congress classification  |i unmediated -- volume  |m A14803599908 
998 f f |a PE1574 .P23 1907a  |t 0  |l Remote Storage